Normal view MARC view

Entry Topical Term

Number of records used in: 1

001 - CONTROL NUMBER

  • control field: 23616

003 - CONTROL NUMBER IDENTIFIER

  • control field: OSt

005 - DATE AND TIME OF LATEST TRANSACTION

  • control field: 20210319112915.0

008 - FIXED-LENGTH DATA ELEMENTS

  • fixed length control field: 210319|| aca||aabn | a|a d

040 ## - CATALOGING SOURCE

  • Original cataloging agency: OSt
  • Transcribing agency: OSt

150 ## - HEADING--TOPICAL TERM

  • Topical term or geographic name entry element: Public managers, Leadership, Transnational leadership

670 ## - SOURCE DATA FOUND

  • Source citation: Work cat.: (OSt)515071: Bro, Louise Ladegaard and Jensen, U Thy. 23615, Does transformational leadership stimulate user orientation? Evidence from a field experiment

Powered by Koha